000 02842cam a2200601 i 4500
001 xx005000333
003 NUKAT
005 20260428110117.0
008 201118s2020 pl a |001 0 pol c
020 _a9788380981942
_q(oprawa twarda) :
_czł 45,00
035 _a(OCoLC)1225225755
035 _a(NUKAT)xx005000333
040 _aKR 253/MH
_bpol
_erda
_cKR 253/MH
_dŁ U/JSs
_dWA 14/ABs
_dOLSZT 008/bak
045 2 _bd1918
_bd1989
046 _k2020
245 0 0 _aKościół wobec niepodległości Polski 1918-1989 :
_bludzie - miejsca - wydarzenia /
_credakcja Krzysztof Sychowicz, Jarosław Wasilewski.
260 _aBiałystok ;
_aWarszawa :
_bInstytut Pamięci Narodowej. Oddział w Białymstoku,
_c2020.
300 _a423, [1] strona :
_bilustracje ;
_c21 cm.
336 _aTekst
_btxt
_2rdacontent
337 _aBez urządzenia pośredniczącego
_bn
_2rdamedia
338 _aWolumin
_bnc
_2rdacarrier
380 _aKsiążki
380 _aPublikacje naukowe
388 1 _a2001-
490 1 _aSeria Wydawnicza Oddziału Instytutu Pamięci Narodowej w Białymstoku ;
_vt. 48
490 1 _aCentralny Projekt Badawczy IPN - Władze Komunistyczne wobec Kościołów i Związków Wyznaniowych w Polsce 1944-1989
504 _aIndeks.
610 2 7 _aKościół katolicki
_2DBN
_937102
648 7 _a1901-2000
_2DBN
_934996
650 7 _aKościół a państwo
_2DBN
_935883
650 7 _aOdzyskanie niepodległości przez Polskę (1918)
_2DBN
_935453
650 7 _aRuchy niepodległościowe
_2DBN
_935774
650 7 _aSuwerenność państwa
_2DBN
_940773
650 7 _aKościół i państwo
_xKościół katolicki
_y1900-1945.
_2kaba
_940774
650 7 _aKościół i państwo
_xKościół katolicki
_y1945-1990.
_2kaba
_940775
650 7 _aKościół i państwo
_zPolska
_y1900-1945.
_2kaba
_940776
650 7 _aKościół i państwo
_zPolska
_y1945-1990.
_2kaba
_939437
650 7 _aKwestia polska (1795-1918).
_2kaba
_91421
650 7 _aDuchowieństwo
_xprześladowania
_zPolska
_y1900-1945.
_2kaba
_940777
650 7 _aDuchowieństwo
_xprześladowania
_zPolska
_y1945-1990.
_2kaba
_940778
651 7 _aPolska
_2DBN
_935076
655 7 _aPraca zbiorowa
_2DBN
_935107
658 _aHistoria
700 1 _aSychowicz, Krzysztof
_d(1969- ).
_eRedakcja
_917494
700 1 _aWasilewski, Jarosław
_d(1978- ).
_eRedakcja
_917123
710 2 _aInstytut Pamięci Narodowej - Komisja Ścigania Zbrodni przeciwko Narodowi Polskiemu.
_bOddział (Białystok).
_eWydawca
_4pbl
_913118
830 0 _aSeria Wydawnicza Oddziału Instytutu Pamięci Narodowej w Białymstoku
_vt. 48
_913120
830 0 _aWładze Komunistyczne wobec Kościołów i Związków Wyznaniowych w Polsce 1944-1989
_918363
920 _a978-83-8098-194-2 (oprawa twarda) : zł 45,00
942 _2ddc
_cBK_NM
999 _c27836
_d27836